Kto to powiedział? Polski polityk czy... Hitler? - Statystyki

Ogólne statystyki
  • Ten quiz został rozwiązany 20 829 razy
  • Średni wynik to 6 z 10
Statystyki odpowiedzi
Zagadnienie Odpowiedź % Poprawnych
"Kto umrze, to umrze i trudno." Polski polityk
89%
"Dla Polaków powinien istnieć tylko jeden pan i powinien nim być Niemiec." Adolf Hitler
75%
"Dlaczego Żyd nie kupuje ziemi? Bo ziemia nie da się oszukać." Polski polityk
68%
"Nie ma znaczenia, co mówi o mnie słaba cywilizacja zachodnioeuropejska." Adolf Hitler
65%
"Europa, a na jej czele naród, który od półtora tysiąclecia reprezentował Europę jako czołowe mocarstwo przeciwko Wschodowi." Adolf Hitler
61%
"Z Polakami mamy szczęście, że są leniwi i głupi." Adolf Hitler
61%
"Wojenne oczywistości - natychmiast znieść reglamentację dostępu do broni dla obywateli (...)." Polski polityk
61%
"Trzeba mówić ludziom, że Żydzi dostaną polską ziemię. (...) Założą Polakom chomąto i będą uprawiać nimi pole." Polski polityk
60%
"Polacy według mojej opinii (...) są jedynym narodem w Europie, który łączy w sobie wysoką inteligencję z niesłychanym sprytem..." Adolf Hitler
56%
"Polska za chwilę się zapadnie, przestanie istnieć, a my zbiegniemy z majątkiem zrabowanym." Polski polityk
43%
Nie znaleziono quizów pasujących do podanych kryteriów
Rozkład punktacji
Procent ludzi z każdym wynikiem
Percentyl według liczby udzielonych odpowiedzi
Twoja historia wyników
Nie rozwiązałeś tego quizu